Handbook of environmental risk assessment and management

Αποθηκεύτηκε σε:
Λεπτομέρειες βιβλιογραφικής εγγραφής
Άλλοι συγγραφείς: Calow, Peter (Επιμελητής έκδοσης)
Μορφή: Βιβλίο
Γλώσσα:English
Δημοσίευση: Oxford : Blackwell Science Ltd., 2001
Θέματα:
Ετικέτες: Προσθήκη ετικέτας
Δεν υπάρχουν, Καταχωρήστε ετικέτα πρώτοι!

MARC

LEADER 00000nam a2200000 i 4500
001 1/43973
008 031030s2001 eng d
020 |a 0-86542-732-1 
035 |l 10071459 
040 |a GR-MY-UA  |b gre  |e aacr 
041 0 |a eng 
082 0 |a 333.714  |2 (21) 
245 1 0 |a Handbook of environmental risk assessment and management /  |c edited by Peter Calow 
260 |a Oxford :   |b Blackwell Science Ltd.,   |c 2001 
300 |a x, 590 σ.;  |c 25 εκ. 
504 |a Περιέχει βιλιογραφία και ευρετήριο 
650 0 0 |a Environmental risk assessment  |x Handbooks, manuals, etc. 
650 0 0 |a Environmental management  |x Handbooks, manuals, etc. 
700 1 |a Calow, Peter.  |4 edt 
852 |a INST  |b LESVOS  |e 20031030  |h 333.714 HAN  |p 005100029568  |q 005100029568  |t BK  |y 0 
852 |a INST  |b LESVOS  |e 20040209  |h 333.714 HAN  |p 005100030789  |q 005100030789  |t BK  |y 0 
901 |a BIBL1-2003-3 
901 |a BIBL1-2004-1 
909 |a Λ  |b 106776 
909 |a Λ  |b 108534 
920 |a ΕΠΕΑΕΚ ΓΕΩΓΡΑΦΙΑΣ  |y ΛΕΣΒΟΣ  |z 2004-02 
922 |a 1ΕΛΗ  |b 200310  |c ΕΠΕΑΕΚ2/ΤΓ  |d ΜΙΧΑΛΟΠΟΥΛΟΣ 
950 |a 118-2003-09-17 
970 |a ΤΖΑΦΕΡΗ  |b ΕΥΑΓΓΕΛΙΑ  |z 2003/12/17